Quizzes
Events
Quiz Creation
Community
Videos
Private Events
Remove Ads
Sign In
Join for FREE
Feedback
Dark Mode
Quiz Categories
Sports
Geography
Music
Movies
Television
Just For Fun
Miscellaneous
History
Literature
Language
Science
Gaming
Entertainment
Religion
Holiday
For Kids
Quiz Lab
Recent
Popular Today
Quiz Kudos Today
Editor Picks
Curator Picks
Quizzes by...
Day
Popularity
Type
Ratings
Length
Year
Community
Subscriptions
Recent Discussions
Orange Saloon
Badges
Playlists
Quests
Create
Leaderboards
Showdown
Live 5
Trivia Bingo
Activity
Puzzle Library
Sporcle Events
Private Events
Virtual Trivia
Globe League
Become a Host
Pub Owners
SporcleCon
Opinionation
Our Games
Videos
Blog
Mobile Apps
Partnerships
Remove Ads and Go Orange
Feedback
Television
TV Characters
TV Show
Sitcom
Network
Friends
Reality Shows
Cast
South Park
Star Trek
The Simpsons
Doctor Who
Television
TV Characters
TV Show
Sitcom
Network
Friends
Reality Shows
Cast
South Park
Star Trek
The Simpsons
Doctor Who
Random Quiz
Search Sporcle
×
Quiz Lab
Quiz Lab
Television
HIMYM
Type in answers that appear in a list
Type in answers that appear in a list
Classic
Best Score? Go Orange.
F.R.I.E.N.D.S Stats
Can you name the F.R.I.E.N.D.S ?
By
Dow4380c
6m
20 Questions
165 Plays
165 Plays
165 Plays
Comments
Comments
Give Quiz Kudos
Give Quiz Kudos
-
- Ratings
hide this ad
Forced Order
Answers have to be entered in order
Answers have to be entered in order
Replay
Link that replays current quiz
Next Quiz
Link to next quiz in quiz playlist
You Got
0%
They Got
Avg Score
60%
Avg Friend Score
Upgrade to see
Score Distribution
Jump to the score distribution portion of the page
Score
0/20
Timer
06:00
0
Plays Today
Questions
% Correct
Who Has A Thrid Nipple?
Chandler Bing
98.8%
Who Play's The Character Of Joey Tribbiani?
Matt LeBlanc
95.2%
What Is Chandler's Middle Name?
Muriel
90.9%
How Many Babies Did Phoebe Give Birth Too?
Three
88.5%
Who Dated Elizabeth?
Ross Geller
87.3%
Who Played Ross's Friend From School, Will?
Brad Pitt
83.6%
Who First Indroduced Phoebe And Mike?
Joey
81.2%
What Two 'Friends' Get Married?
Chandler And Monica or Ross and Racheal
78.8%
Who Is Missing A Toe?
Chandler
74.5%
In The Pilot, Who Is First To Talk?
Monica
73.3%
Questions
% Correct
Who Brought Joey A Drum Set?
Phoebe
66.7%
Where Do The 'Friends' Spend Most Of Their Time?
Central Perk
61.8%
Where Does Ross And Monica's Dad (Jack) Want To Be Buried When He Dies?
At Sea
55.8%
What Is The Name Of Joey's Cuddle Toy?
Hugsy
48.5%
What Is Ben's First Word (Ross' Son)?
Hi
38.2%
Why Do Ross And Emily Break Up/
Get Divorsed?
ross says racheals name at thier wedding
35.8%
Name All Three Of Frank Jr's Children?
Chandler,Lesley,Frank Jr Jr
24.2%
In What Episode Does Ross Break His Thumb?
The One Where Emma Cries
10.9%
What Was Monica's Cat's Full Name?
Fluffy Meowingtons
10.3%
What Is Joey's Favourite Animal?
A Goat
4.2%
Quiz Playlist
Details
Report
Send in Message
Add To Playlist
Classic:
Type in answers that appear in a list
Forced Order:
Answers have to be entered in order
Last Updated: Feb 16, 2017
Quiz Scoreboard
CHALLENGE
Sign Up to Join the Scoreboard
Show All
Scores
Hide
Comments
May contain spoilers
Recently Published
An Introduction to Baseball
by treessimontrees
Sports
5m
Movies - When Are They Set?
by FPL_Elf
Movies
5m
Popular People in 1961
by mucciniale
History
6m
More to Explore
Quiz From the Vault
Featured Blog Post
Where Did the Easter Bunny Come From?
hide this ad
You Might Also Like...
Tags
HIMYM
Today's Top Quizzes in Television
Browse Television
hide this ad
Today's Top Quizzes in HIMYM
Browse HIMYM
Top Contributed Quizzes in Television
1
One Piece Logic Puzzle
2
5-to-1: The Simpsons Families
3
Survivor Logic Puzzle: Heroes vs. Villains
4
5-to-1: Television Doctors
5
7-to-1: TV Show Settings
6
Survivor Seasons
7
5-to-1: Streaming Originals
8
Survivor Season by Logo
9
One Thing in Common: Television
10
TV Shows by First Names
Explore More
Trending Topics
Disney
Harry Potter
Marvel
NBA
Anime
Crossword
Kpop
Puzzle
Pokémon
Song
Soccer
WWE
Country
NFL
The Office
hide this ad
More By:
Dow4380c
Quiz
Plays
Rating
Category
Featured
Created
How I Met Your Mother
502
1.00
Television
Jul 17, 2011
F.R.I.E.N.D.S
165
1.00
Television
Mar 11, 2012
Go to Creator's Profile
Score Distribution
Quiz Creator Spotlight
Dow4380c
Follow
Send a Message
Quizzes Created
-
Created Quiz Play Count
-
More By This Creator
Popular Quizzes Today
1
Find the Countries of Europe - No Outlines Minefield
2
Find the US States - No Outlines Minefield
3
The Countries of the World
4
Popular People in 1961
5
Find the US States
6
US States
7
1-10 Letter E Words III
8
Risky Map Clicking: Biggest States A-Z
More Television Quizzes
Multi-Category Blitz: Game of Thrones
Curator's Pick
Trending Quizzes
Risky Map Clicking: Least Populous States A-Z
1-10 Letter F Words
1-10 Letter G Words
Not Quite an Element Typing Challenge
One Thing in Common: United Kingdom
Recently Updated
Leaping Animals
pecheneg
Reality TV Shows (A-Z)
bhenderson79
Rickey Henderson's Hall of Fame Teammates
pecheneg
Champions League XIs: Arsenal
pecheneg
Quick Pick: Celebrities in WWE's Hall of Fame
aduchscher
A-Z Keypad Blitz II
pecheneg
Multiple Oscar Actors
pecheneg
Mystery Phrase Blitz: Oscar 'Best Actors'
pecheneg
F. Scott Fitzgerald Novels
LTH
Pick 3 Villains
ddd62291
Trending Topics
Harry Potter
Disney
Crossword
NBA
Anime
Marvel
Kpop
Country
Pokémon
NFL
Soccer
The Office
Song
WWE
Puzzle
Your Account Isn't Verified!
In order to create a playlist on Sporcle, you need to verify the email address you used during registration. Go to your
Sporcle Settings
to finish the process.
Report this User
Report this user for behavior that violates our
Community Guidelines
.
Details:
Send Report
Go to the Sporcle.com Mobile Site →
Comments